=LDR 00000nam 2200000 4500 =300 ##$$a vii, 49 hlm. : $b ill. ; $c 30 cm $e =csr $a a7a24ff4e04e01d27bf172cfecb31206 =856 ##$$a =740 ##$$a =700 #$$a =650 #$$a Pembangunan Ekonomi =650 #$$a Desain Pengawasan =520 #$$a Proyek percepatan ekonomi kawasan, sebagaimana diamantkan dalam berbagai kebijakan nasional, merupakan bagian dari strategi pemerintah untuk mempercepat pertumbuhan ekonomi, pemerataan pembangunan, dan peningkatan daya saing daerah. Namun, kompleksitas proyek strategis ini membutuhkan pengawasan yang sinergi dan adaptif untuk memastikan pencapaian tujuan tanpa mengorbankan akuntabilitas dan transparansi. Pengawasan terhadap proyek percepatan pembangunan ekonomi kawasan menghadapi berbagai tantangan, termasuk keterbatasan kewenangan APIP daerah, koordinasi yang kurang efektif, rentang kendali pengawasan yang panjang, serta kapasitas dan sumber daya APIP daerah yang terbatas. Proyek perubahan ini menawarkan solusi berupa desain pengawasan kolaboratif guna memilitasi risiko tersebut dan meningkatkan efektivitas pengawasan. =338 ##$$a =337 ##$$a =336 ##$$a =001 $a INLIS000000000020867 =264 ##$$a Jakarta : $b Pusbangkom Pimnas dan Manajerial ASN. ; $c 2024 =246 ##$$a =245 ##$$a Membangun Desain Pengawasan Atas Percepatan Pembangunan Ekonomi di Kawasan Secara Kolaboratif $b $c Abul Chair =100 #$$a Abul Chair =084 ##$$a R 0054 PKN I 2024 =082 ##$$a =035 ##$$a 0010-0426000024 =020 ##$$a =008 $a 260415################g##########0#ind## =005 $a 20260415142654